Fantasías indígenas (Registro nro. 33280)
[ vista simple ]
| 000 -CABECERA | |
|---|---|
| campo de control de longitud fija | 00737nam a2200181 a 4500 |
| 003 - IDENTIFICADOR DEL NÚMERO DE CONTROL | |
| campo de control | OSt |
| 005 - FECHA Y HORA DE LA ÚLTIMA TRANSACCIÓN | |
| campo de control | 20240412074257.0 |
| 008 - DATOS DE LONGITUD FIJA--INFORMACIÓN GENERAL | |
| campo de control de longitud fija | 110912s1877 000 spa d |
| 040 ## - FUENTE DE LA CATALOGACIÓN | |
| Centro catalogador/agencia de origen | DO-SdBNP |
| Lengua de catalogación | spa |
| Centro/agencia transcriptor | BNPHU |
| 082 ## - NÚMERO DE LA CLASIFICACIÓN DECIMAL DEWEY | |
| Número de clasificación | RD861.2 |
| Número de documento/Ítem | P438f , 1877 |
| 100 1# - ENTRADA PRINCIPAL--NOMBRE DE PERSONA | |
| Nombre de persona | Pérez, José Joaquín |
| Fechas asociadas al nombre | 1845-1900 |
| 9 (RLIN) | 25442 |
| 245 10 - MENCIÓN DE TÍTULO | |
| Título | Fantasías indígenas |
| 260 ## - PUBLICACIÓN, DISTRIBUCIÓN, ETC. | |
| Lugar de publicación, distribución, etc. | Santo Domingo : |
| Nombre del editor, distribuidor, etc. | García Hnos., |
| Fecha de publicación, distribución, etc. | 1877. |
| 500 ## - NOTA GENERAL | |
| Nota general | Dedicatoria a la eminente poetisa dominicana Señorita Salomé Ureña, en testimonio de admiración i simpatía ; A mi mui querido maestro el ilustrado presbítero Fernando Arturo de Meriño, en prenda de inalterable gratitud |
| 650 #4 - PUNTO DE ACCESO ADICIONAL DE MATERIA--TÉRMINO DE MATERIA | |
| Término de materia o nombre geográfico como elemento de entrada | Poesía dominicana |
| 9 (RLIN) | 77087 |
| 650 #0 - PUNTO DE ACCESO ADICIONAL DE MATERIA--TÉRMINO DE MATERIA | |
| Término de materia o nombre geográfico como elemento de entrada | Literatura dominicana. |
| 9 (RLIN) | 67 |
| 942 ## - ELEMENTOS DE PUNTO DE ACCESO ADICIONAL (KOHA) | |
| Fuente del sistema de clasificación o colocación | Dewey Decimal Classification |
| Tipo de ítem Koha | Libro |
| Estado de retiro | Estado de pérdida | Fuente del sistema de clasificación o colocación | Restricciones de uso | No para préstamo | Código de colección | Localización permanente | Ubicación/localización actual | Ubicación en estantería | Fecha de adquisición | Total de préstamos | Signatura topográfica completa | Fecha visto por última vez | Precio válido a partir de | Tipo de ítem Koha | Nota pública |
|---|---|---|---|---|---|---|---|---|---|---|---|---|---|---|---|
| Dewey Decimal Classification | Préstamo restringido | Raros y valiosos | Biblioteca Nacional Pedro Henríquez Ureña | Biblioteca Nacional Pedro Henríquez Ureña | Depósito | 30.10.2020 | RD861.2 P438f 1877 | 30.10.2020 | 30.10.2020 | Libro | Perteneció a la biblioteca personal de Carlos Larrazábal Blanco. |
